000 00580nam a2200181Ia 4500
008 090630s9999 xx 000 0 und d
082 _b14485
100 _aप्रा. बोधे व. बा.
245 _aबुलबुल.
_cप्रा. बोधे व. बा.
260 _bगौरी - पुणे.
_c1996
300 _a172
600 _aप्रा. बोधे व. बा.
630 _aबुलबुल.
655 _aकादंबरी.
700 _aप्रा. बोधे व. बा.
730 _aबुलबुल.
942 _cBOOK
999 _c266341
_d266341